<?xml version="1.0" encoding="UTF-8"?>
<record
    xmlns:xsi="http://www.w3.org/2001/XMLSchema-instance"
    xsi:schemaLocation="http://www.loc.gov/MARC21/slim http://www.loc.gov/standards/marcxml/schema/MARC21slim.xsd"
    xmlns="http://www.loc.gov/MARC21/slim">

  <leader>01026nam a2200301Ia 4500</leader>
  <controlfield tag="001">dia_3428</controlfield>
  <controlfield tag="003">CHAP</controlfield>
  <controlfield tag="005">20251023163108.0</controlfield>
  <controlfield tag="008">220117s1988    xx            000 0 und d</controlfield>
  <datafield tag="010" ind1=" " ind2=" ">
    <subfield code="a">173892</subfield>
  </datafield>
  <datafield tag="020" ind1=" " ind2=" ">
    <subfield code="a">968-451-715-7</subfield>
  </datafield>
  <datafield tag="040" ind1=" " ind2=" ">
    <subfield code="c">CHAP</subfield>
  </datafield>
  <datafield tag="082" ind1=" " ind2=" ">
    <subfield code="a">658 B5Y</subfield>
  </datafield>
  <datafield tag="110" ind1=" " ind2=" ">
    <subfield code="a">Mc Graw-Hill</subfield>
    <subfield code="9">154667</subfield>
  </datafield>
  <datafield tag="245" ind1=" " ind2=" ">
    <subfield code="a">Biblioteca practica de negocios  /</subfield>
    <subfield code="c"> Mc Graw-Hill</subfield>
  </datafield>
  <datafield tag="260" ind1=" " ind2=" ">
    <subfield code="a">M&#xE9;xico  :</subfield>
    <subfield code="b"> Mc Graw-Hill,</subfield>
    <subfield code="c">1988</subfield>
  </datafield>
  <datafield tag="300" ind1=" " ind2=" ">
    <subfield code="a">8 vol.</subfield>
  </datafield>
  <datafield tag="500" ind1=" " ind2=" ">
    <subfield code="a">La biblioteca tien: v.1 Administraci&#xF3;n moderna; v.2 Administraci&#xF3;n de operaciones; v.3 Administraci&#xF3;n de personal y recursos humanos; v.4 Administraci&#xF3;n financiera; v.5 Contabilidad; v.6 Econom&#xED;a; v.7 Mercadotecn&#xED;a; v.8 Inform&#xE1;tica</subfield>
  </datafield>
  <datafield tag="503" ind1=" " ind2=" ">
    <subfield code="a">I.144346</subfield>
  </datafield>
  <datafield tag="650" ind1=" " ind2=" ">
    <subfield code="a">1.Adminstraci&#xF3;n </subfield>
    <subfield code="9">154668</subfield>
  </datafield>
  <datafield tag="650" ind1=" " ind2=" ">
    <subfield code="a">Contabilidad </subfield>
    <subfield code="9">27421</subfield>
  </datafield>
  <datafield tag="650" ind1=" " ind2=" ">
    <subfield code="a">Econom&#xCD;a </subfield>
    <subfield code="9">35226</subfield>
  </datafield>
  <datafield tag="650" ind1=" " ind2=" ">
    <subfield code="a">Mercadotecn&#xED;a</subfield>
    <subfield code="9">148164</subfield>
  </datafield>
  <datafield tag="901" ind1=" " ind2=" ">
    <subfield code="a">658 B5Y</subfield>
  </datafield>
  <datafield tag="902" ind1=" " ind2=" ">
    <subfield code="a">M</subfield>
  </datafield>
  <datafield tag="905" ind1=" " ind2=" ">
    <subfield code="a">0000001988                          MX X   0000000000SPA00</subfield>
  </datafield>
  <datafield tag="942" ind1=" " ind2=" ">
    <subfield code="c">LIBRO</subfield>
    <subfield code="2">ddc</subfield>
  </datafield>
  <datafield tag="999" ind1=" " ind2=" ">
    <subfield code="c">173892</subfield>
    <subfield code="d">173892</subfield>
  </datafield>
  <datafield tag="952" ind1=" " ind2=" ">
    <subfield code="0">0</subfield>
    <subfield code="1">0</subfield>
    <subfield code="2">ddc</subfield>
    <subfield code="4">0</subfield>
    <subfield code="5">1</subfield>
    <subfield code="7">0</subfield>
    <subfield code="8">GRAL</subfield>
    <subfield code="a">IA_</subfield>
    <subfield code="b">IA_</subfield>
    <subfield code="d">1989-02-02</subfield>
    <subfield code="e">Compra AMAT F. 4785 / Res. 21948 (2-Feb-1989)</subfield>
    <subfield code="g">37500.00</subfield>
    <subfield code="h">Volumen: 8 </subfield>
    <subfield code="i">144346</subfield>
    <subfield code="l">0</subfield>
    <subfield code="o">658 B5Y V.8</subfield>
    <subfield code="p">dia_2966</subfield>
    <subfield code="r">2022-01-18 00:00:00</subfield>
    <subfield code="t">Ej. 1</subfield>
    <subfield code="y">LIBRO</subfield>
  </datafield>
  <datafield tag="952" ind1=" " ind2=" ">
    <subfield code="0">0</subfield>
    <subfield code="1">0</subfield>
    <subfield code="2">ddc</subfield>
    <subfield code="4">0</subfield>
    <subfield code="5">1</subfield>
    <subfield code="7">0</subfield>
    <subfield code="8">GRAL</subfield>
    <subfield code="a">IA_</subfield>
    <subfield code="b">IA_</subfield>
    <subfield code="d">1989-02-02</subfield>
    <subfield code="e">Compra AMAT F. 4785 / Res. 21948 (2-Feb-1989)</subfield>
    <subfield code="g">37500.00</subfield>
    <subfield code="h">Volumen: 1 </subfield>
    <subfield code="i">144346</subfield>
    <subfield code="l">0</subfield>
    <subfield code="o">658 B5Y V.1</subfield>
    <subfield code="p">dia_2959</subfield>
    <subfield code="r">2022-01-18 00:00:00</subfield>
    <subfield code="t">Ej. 1</subfield>
    <subfield code="y">LIBRO</subfield>
  </datafield>
  <datafield tag="952" ind1=" " ind2=" ">
    <subfield code="0">0</subfield>
    <subfield code="1">0</subfield>
    <subfield code="2">ddc</subfield>
    <subfield code="4">0</subfield>
    <subfield code="5">1</subfield>
    <subfield code="7">0</subfield>
    <subfield code="8">GRAL</subfield>
    <subfield code="a">IA_</subfield>
    <subfield code="b">IA_</subfield>
    <subfield code="d">1989-02-02</subfield>
    <subfield code="e">Compra AMAT F. 4785 / Res. 21948 (2-Feb-1989)</subfield>
    <subfield code="g">37500.00</subfield>
    <subfield code="h">Volumen: 2 </subfield>
    <subfield code="i">144346</subfield>
    <subfield code="l">0</subfield>
    <subfield code="o">658 B5Y V.2</subfield>
    <subfield code="p">dia_2960</subfield>
    <subfield code="r">2022-01-18 00:00:00</subfield>
    <subfield code="t">Ej. 1</subfield>
    <subfield code="y">LIBRO</subfield>
  </datafield>
  <datafield tag="952" ind1=" " ind2=" ">
    <subfield code="0">0</subfield>
    <subfield code="1">0</subfield>
    <subfield code="2">ddc</subfield>
    <subfield code="4">0</subfield>
    <subfield code="5">1</subfield>
    <subfield code="7">0</subfield>
    <subfield code="8">GRAL</subfield>
    <subfield code="a">IA_</subfield>
    <subfield code="b">IA_</subfield>
    <subfield code="d">1989-02-02</subfield>
    <subfield code="e">Compra AMAT F. 4785 / Res. 21948 (2-Feb-1989)</subfield>
    <subfield code="g">37500.00</subfield>
    <subfield code="h">Volumen: 3 </subfield>
    <subfield code="i">144346</subfield>
    <subfield code="l">0</subfield>
    <subfield code="o">658 B5Y V.3</subfield>
    <subfield code="p">dia_2961</subfield>
    <subfield code="r">2022-01-18 00:00:00</subfield>
    <subfield code="t">Ej. 1</subfield>
    <subfield code="y">LIBRO</subfield>
  </datafield>
  <datafield tag="952" ind1=" " ind2=" ">
    <subfield code="0">0</subfield>
    <subfield code="1">0</subfield>
    <subfield code="2">ddc</subfield>
    <subfield code="4">0</subfield>
    <subfield code="5">1</subfield>
    <subfield code="7">0</subfield>
    <subfield code="8">GRAL</subfield>
    <subfield code="a">IA_</subfield>
    <subfield code="b">IA_</subfield>
    <subfield code="d">1989-02-02</subfield>
    <subfield code="e">Compra AMAT F. 4785 / Res. 21948 (2-Feb-1989)</subfield>
    <subfield code="g">37500.00</subfield>
    <subfield code="h">Volumen: 4 </subfield>
    <subfield code="i">144346</subfield>
    <subfield code="l">0</subfield>
    <subfield code="o">658 B5Y V.4</subfield>
    <subfield code="p">dia_2962</subfield>
    <subfield code="r">2022-01-18 00:00:00</subfield>
    <subfield code="t">Ej. 1</subfield>
    <subfield code="y">LIBRO</subfield>
  </datafield>
  <datafield tag="952" ind1=" " ind2=" ">
    <subfield code="0">0</subfield>
    <subfield code="1">0</subfield>
    <subfield code="2">ddc</subfield>
    <subfield code="4">0</subfield>
    <subfield code="5">1</subfield>
    <subfield code="7">0</subfield>
    <subfield code="8">GRAL</subfield>
    <subfield code="a">IA_</subfield>
    <subfield code="b">IA_</subfield>
    <subfield code="d">1989-02-02</subfield>
    <subfield code="e">Compra AMAT F. 4785 / Res. 21948 (2-Feb-1989)</subfield>
    <subfield code="g">37500.00</subfield>
    <subfield code="h">Volumen: 5 </subfield>
    <subfield code="i">144346</subfield>
    <subfield code="l">0</subfield>
    <subfield code="o">658 B5Y V.5</subfield>
    <subfield code="p">dia_2963</subfield>
    <subfield code="r">2022-01-18 00:00:00</subfield>
    <subfield code="t">Ej. 1</subfield>
    <subfield code="y">LIBRO</subfield>
  </datafield>
  <datafield tag="952" ind1=" " ind2=" ">
    <subfield code="0">0</subfield>
    <subfield code="1">0</subfield>
    <subfield code="2">ddc</subfield>
    <subfield code="4">0</subfield>
    <subfield code="5">1</subfield>
    <subfield code="7">0</subfield>
    <subfield code="8">GRAL</subfield>
    <subfield code="a">IA_</subfield>
    <subfield code="b">IA_</subfield>
    <subfield code="d">1989-02-02</subfield>
    <subfield code="e">Compra AMAT F. 4785 / Res. 21948 (2-Feb-1989)</subfield>
    <subfield code="g">37500.00</subfield>
    <subfield code="h">Volumen: 6 </subfield>
    <subfield code="i">144346</subfield>
    <subfield code="l">0</subfield>
    <subfield code="o">658 B5Y V.6</subfield>
    <subfield code="p">dia_2964</subfield>
    <subfield code="r">2022-01-18 00:00:00</subfield>
    <subfield code="t">Ej. 1</subfield>
    <subfield code="y">LIBRO</subfield>
  </datafield>
  <datafield tag="952" ind1=" " ind2=" ">
    <subfield code="0">0</subfield>
    <subfield code="1">0</subfield>
    <subfield code="2">ddc</subfield>
    <subfield code="4">0</subfield>
    <subfield code="5">1</subfield>
    <subfield code="7">0</subfield>
    <subfield code="8">GRAL</subfield>
    <subfield code="a">IA_</subfield>
    <subfield code="b">IA_</subfield>
    <subfield code="d">1989-02-02</subfield>
    <subfield code="e">Compra AMAT F. 4785 / Res. 21948 (2-Feb-1989)</subfield>
    <subfield code="g">37500.00</subfield>
    <subfield code="h">Volumen: 7 </subfield>
    <subfield code="i">144346</subfield>
    <subfield code="l">0</subfield>
    <subfield code="o">658 B5Y V.7</subfield>
    <subfield code="p">dia_2965</subfield>
    <subfield code="r">2022-01-18 00:00:00</subfield>
    <subfield code="t">Ej. 1</subfield>
    <subfield code="y">LIBRO</subfield>
  </datafield>
</record>
